000 00274nam a2200121 a 4500
008 101022s1975|||| d
245 1 0 _aBábka a komedianti
100 1 _aLam,Visvald
044 _axo
_cSK
041 _aslo
260 _bObzor
_aBratislava
_c1975
020 _c19
999 _c12081
_d12081